00678cam a2200193u 450000100060000000300080000600500170001400800410003103500190007204000330009104100080012408200200013210000310015224500650018326000570024830000310030552001140033665000340045018311BD-RjUL20211209000252.0140220r19621959nyua 000 0 eng d a(BD-RjUL)18369 aDLCcCarPdDLCdBD-RjULbeng aeng00a818.5bMIB 19621 aMiller, Henry,d1891-1980.10aBig Sur and the oranges of Hieronymus Bosch /cHenry, Miller a[New York :bNew Directions,cc1957 [Reprinted 1962] a404 p. :billus. ;c21 cm. a Tells the story of Miller's life on Big Sur, a section of California coast where he lived for fifteen years a Miller, Henry, -- 1891-1980